Ensayos, ideas y retratos / (Record no. 34095)
[ view plain ]
| 000 -LEADER | |
|---|---|
| fixed length control field | 00704nam a22001937a 4500 |
| 005 - DATE AND TIME OF LATEST TRANSACTION | |
| control field | 20210804103425.0 |
| 008 - FIXED-LENGTH DATA ELEMENTS--GENERAL INFORMATION | |
| fixed length control field | 121024t mx||||| |||| 00| 0 spa d |
| 050 04 - LIBRARY OF CONGRESS CALL NUMBER | |
| Classification number | F1210 |
| Item number | M67 1964 |
| 100 1# - MAIN ENTRY--PERSONAL NAME | |
| Personal name | Mora, José María Luis |
| Dates associated with a name | 1794-1850 |
| 245 10 - TITLE STATEMENT | |
| Title | Ensayos, ideas y retratos / |
| Statement of responsibility, etc | José María, Luis Mora ; Prologo y selección: Arturo Arnaíz y Freg |
| 250 ## - EDITION STATEMENT | |
| Edition statement | 2a ed. |
| 260 ## - PUBLICATION, DISTRIBUTION, ETC. (IMPRINT) | |
| Place of publication, distribution, etc | México : |
| Name of publisher, distributor, etc | Universidad Nacional Autonoma de México, |
| Date of publication, distribution, etc | 1964 |
| 300 ## - PHYSICAL DESCRIPTION | |
| Extent | xxxiv, 174 p. ; |
| Dimensions | 18 cm. |
| 440 #0 - SERIES STATEMENT/ADDED ENTRY--TITLE | |
| Title | Biblioteca del Estudiante Universitario ; |
| Volume number/sequential designation | 25 |
| 650 #4 - SUBJECT ADDED ENTRY--TOPICAL TERM | |
| Topical term or geographic name as entry element | Prosa mexicana |
| General subdivision | Siglo XIX |
| 650 #4 - SUBJECT ADDED ENTRY--TOPICAL TERM | |
| Topical term or geographic name as entry element | México |
| General subdivision | Vida social y costumbres |
| 700 1# - ADDED ENTRY--PERSONAL NAME | |
| Personal name | Arnaiz y Freg, Arturo, |
| Fuller form of name | prolog. |
| 942 ## - ADDED ENTRY ELEMENTS (KOHA) | |
| Source of classification or shelving scheme | Biblioteca del Cogreso de los Estados Unidos |
| Koha item type | Libro |
| Estado de pérdida | Fuente de clasificación | Estado del daño | No para préstamo | Ubicación permanente | Ubicación actual | Fecha de adquisición | Fuente de adquisición | Enumeración de Serie / Cronológica | Clasificación | Código de Barras | Date last seen | Número de copia | Tipo de recurso | Nota pública |
|---|---|---|---|---|---|---|---|---|---|---|---|---|---|---|
| Biblioteca del Cogreso de los Estados Unidos | Biblioteca de la Facultad de Letras | Biblioteca de la Facultad de Letras | 24/10/2012 | LLH0000001853 | F1210 M67 1964 | LLH0000001853 | 16/01/2015 | C:1 | Libro | General |